[Event "III Torneo Hotel Petra"]
[Site "Roma ITA"]
[Date "2005.03.15"]
[Round "3"]
[White "Vuelban, Virgilio"]
[Black "Vocaturo, Daniele"]
[Result "0-1"]
[WhiteElo "2328"]
[BlackElo "2276"]
[PlyCount "74"]
[EventDate "2005.03.14"]

1. d4 Nf6 2. c4 g6 3. Nc3 Bg7 4. e4 d6 5. Be2 O-O 6. Nf3 e5 7. O-O Nc6 8. Be3
Ng4 9. Bg5 f6 10. Bc1 Nh6 11. dxe5 dxe5 12. Be3 Bg4 13. Qc1 Nf7 14. Rd1 Qc8 15.
Nd5 Nfd8 16. b4 Re8 17. b5 Bxf3 18. Bxf3 Nd4 19. Bxd4 exd4 20. Rb1 c6 21. Nb4
Nf7 22. bxc6 bxc6 23. c5 Ng5 24. Qf4 Rb8 25. h4 Nxf3+ 26. Qxf3 Qe6 27. Rb3 Bf8
28. Nc2 Rxb3 29. axb3 Qxe4 30. Qxe4 Rxe4 31. Rxd4 Rxd4 32. Nxd4 Bxc5 33. Nxc6
Kf7 34. Kf1 Ke6 35. Ke2 Kd5 36. Nb8 Bd6 37. Na6 Kc6 0-1

[Event "III Torneo Hotel Petra"]
[Site "Roma ITA"]
[Date "2005.03.16"]
[Round "4"]
[White "Djuric, Stefan"]
[Black "Di Caro, Calogero"]
[Result "1/2-1/2"]
[WhiteElo "2470"]
[BlackElo "2397"]
[PlyCount "39"]
[EventDate "2005.03.14"]

1. c4 Nf6 2. Nc3 e5 3. Nf3 Nc6 4. e4 Bb4 5. d3 h6 6. Be2 O-O 7. O-O Bxc3 8.
bxc3 d6 9. Ne1 a6 10. Nc2 b5 11. Ne3 bxc4 12. Nxc4 Be6 13. Ne3 d5 14. exd5 Nxd5
15. Nxd5 Qxd5 16. Bf3 Qd7 17. Re1 Rad8 18. h3 Bd5 19. Be2 Ne7 20. Bf1 1/2-1/2

[Event "III Torneo Hotel Petra"]
[Site "Roma ITA"]
[Date "2005.03.16"]
[Round "4"]
[White "Fayard, Alain"]
[Black "Corvi, Marco"]
[Result "1-0"]
[WhiteElo "2288"]
[BlackElo "2302"]
[PlyCount "141"]
[EventDate "2005.03.14"]

1. Nf3 f5 2. d3 d6 3. e4 e5 4. Nc3 Nf6 5. exf5 Bxf5 6. d4 Nbd7 7. Bc4 Nb6 8.
Bb3 e4 9. Nh4 Bg4 10. f3 exf3 11. Nxf3 Qe7+ 12. Kf2 O-O-O 13. Re1 Qd7 14. a4 a5
15. d5 Be7 16. Be3 Bxf3 17. gxf3 Nh5 18. Kg1 Bh4 19. Re2 Rhf8 20. Bxb6 cxb6 21.
Re6 Qc7 22. Qf1 Nf4 23. Kh1 Kb8 24. Rd1 Bf6 25. Nb5 Qc5 26. Re4 Bh4 27. Rdd4 g5
28. Rc4 Qf2 29. Qxf2 Bxf2 30. Rc7 Rfe8 31. Rd7 Kc8 32. Rc7+ Kb8 33. Rxb7+ Kxb7
34. Rxe8 Rd7 35. c3 Bc5 36. Bc2 Rf7 37. Rh8 Ng6 38. Bxg6 hxg6 39. Kg2 Rf5 40.
Rh7+ Kb8 41. Na7 Rf4 42. b3 g4 43. fxg4 Rxg4+ 44. Kf3 Rg5 45. Nc6+ Kc8 46. Ke4
Rg2 47. Kd3 Bg1 48. h3 g5 49. Kc4 Rh2 50. Rh5 Be3 51. b4 axb4 52. cxb4 Kb7 53.
Kb5 Rd2 54. Rh7+ Kc8 55. Ne7+ Kd8 56. Kc6 Rh2 57. Nf5 Rc2+ 58. Kb5 Bd2 59. Nxd6
Rb2 60. Kc6 Rc2+ 61. Kxb6 Bxb4 62. Nb7+ Kc8 63. d6 Rd2 64. Kc6 Rc2+ 65. Kb5
Bxd6 66. Nxd6+ Kb8 67. Kb6 Rb2+ 68. Nb5 Kc8 69. a5 g4 70. a6 Rf2 71. a7 1-0

[Event "III Torneo Hotel Petra"]
[Site "Roma ITA"]
[Date "2005.03.16"]
[Round "4"]
[White "Kaps, Darja"]
[Black "Vocaturo, Daniele"]
[Result "1/2-1/2"]
[WhiteElo "2287"]
[BlackElo "2276"]
[PlyCount "23"]
[EventDate "2005.03.14"]

1. e4 c5 2. Nf3 d6 3. d4 cxd4 4. Nxd4 Nf6 5. Nc3 g6 6. Be2 Bg7 7. O-O O-O 8. f4
Qb6 9. Na4 Qa5 10. Nc3 Qb6 11. Na4 Qa5 12. Nc3 1/2-1/2

[Event "III Torneo Hotel Petra"]
[Site "Roma ITA"]
[Date "2005.03.16"]
[Round "4"]
[White "Miladinovic, Igor"]
[Black "Lazic, Miroljub"]
[Result "1/2-1/2"]
[WhiteElo "2611"]
[BlackElo "2517"]
[PlyCount "27"]
[EventDate "2005.03.14"]

1. d4 Nf6 2. c4 e6 3. Nc3 c5 4. dxc5 Qa5 5. a3 Qxc5 6. e3 d6 7. b4 Qc7 8. Bb2
Nbd7 9. Nf3 a6 10. Be2 Be7 11. O-O O-O 12. Qb3 b6 13. Rac1 Bb7 14. Rfd1 1/2-1/2

[Event "III Torneo Hotel Petra"]
[Site "Roma ITA"]
[Date "2005.03.16"]
[Round "4"]
[White "Mrdja, Milan"]
[Black "Vuelban, Virgilio"]
[Result "1-0"]
[WhiteElo "2395"]
[BlackElo "2328"]
[PlyCount "85"]
[EventDate "2005.03.14"]

1. e4 c5 2. Nf3 d6 3. d4 cxd4 4. Nxd4 Nf6 5. f3 Nc6 6. c4 Nxd4 7. Qxd4 g6 8.
Nc3 Bg7 9. Be3 O-O 10. Qd2 Be6 11. Rc1 Qa5 12. Be2 Rfc8 13. b3 Qd8 14. O-O Nd7
15. Kh1 a5 16. Rfd1 Nc5 17. Bg5 Qf8 18. Qe3 f6 19. Bf4 Re8 20. Qd2 f5 21. Nd5
Rac8 22. exf5 Qxf5 23. Be3 Bxd5 24. cxd5 b6 25. Bb5 Rf8 26. Re1 Be5 27. Rcd1
Rf7 28. Rf1 Qh5 29. Bg1 Rcf8 30. Qe2 g5 31. Rc1 Rf4 32. Rc4 Qg6 33. Rxf4 Rxf4
34. g3 Rf7 35. Kg2 Qf5 36. Rc1 Rf6 37. Rc4 Rh6 38. Rg4 Rh5 39. h4 Kh8 40. Be8
gxh4 41. Bxh5 h3+ 42. Kh2 Qxh5 43. f4 1-0

[Event "III Torneo Hotel Petra"]
[Site "Roma ITA"]
[Date "2005.03.17"]
[Round "5"]
[White "Corvi, Marco"]
[Black "Djuric, Stefan"]
[Result "0-1"]
[WhiteElo "2302"]
[BlackElo "2470"]
[PlyCount "54"]
[EventDate "2005.03.14"]

1. c4 Nf6 2. Nc3 c5 3. Nf3 g6 4. g3 Bg7 5. Bg2 O-O 6. O-O d5 7. cxd5 Nxd5 8.
Nxd5 Qxd5 9. d3 Qh5 10. Qa4 Nc6 11. Be3 Bd7 12. Rab1 Rac8 13. Rfc1 c4 14. dxc4
Bf5 15. Ng5 Nd4 16. Bxd4 Bxd4 17. e4 Bg4 18. h3 Be2 19. Qd7 Rcd8 20. Qxe7 h6
21. Nxf7 Bxf2+ 22. Kh2 Rd3 23. Rc2 Bxg3+ 24. Kh1 Rxf7 25. Qe6 Kg7 26. e5 Bd1
27. Rcc1 Qe2 0-1

[Event "III Torneo Hotel Petra"]
[Site "Roma ITA"]
[Date "2005.03.17"]
[Round "5"]
[White "Di Caro, Calogero"]
[Black "Miladinovic, Igor"]
[Result "0-1"]
[WhiteElo "2397"]
[BlackElo "2611"]
[PlyCount "78"]
[EventDate "2005.03.14"]

1. d4 d5 2. c4 Nc6 3. Nc3 Nf6 4. Nf3 dxc4 5. Bg5 Nd5 6. e4 Nxc3 7. bxc3 Na5 8.
Nd2 b5 9. Be2 h6 10. Bh4 c5 11. Nf3 Bb7 12. Qb1 Qb6 13. O-O e6 14. a4 Nb3 15.
Ra2 a6 16. d5 Be7 17. Bxe7 Kxe7 18. Ne5 Qc7 19. f4 Rhd8 20. dxe6 f6 21. Ng6+
Kxe6 22. Qe1 Kf7 23. Bh5 Kg8 24. e5 f5 25. Qh4 Re8 26. axb5 axb5 27. Rxa8 Bxa8
28. Rd1 b4 29. Nh8 Qc6 30. Bf3 Qc8 31. Bh5 Qc6 32. Bf3 Qb6 33. Bh5 Rb8 34. Rd7
Kxh8 35. Qe7 Rg8 36. Bf7 Qc6 37. Bd5 Qxd5 38. Rxd5 Bxd5 39. cxb4 c3 0-1

[Event "III Torneo Hotel Petra"]
[Site "Roma ITA"]
[Date "2005.03.17"]
[Round "5"]
[White "Lazic, Miroljub"]
[Black "Martorelli, Antonio"]
[Result "1-0"]
[WhiteElo "2517"]
[BlackElo "2273"]
[PlyCount "37"]
[EventDate "2005.03.14"]

1. c4 e5 2. Nc3 Nf6 3. g3 c6 4. Nf3 e4 5. Nd4 Qb6 6. e3 Bb4 7. Bg2 Bxc3 8. bxc3
O-O 9. f3 c5 10. Nf5 exf3 11. Qxf3 Qe6 12. O-O Nc6 13. d4 Qxc4 14. Nxg7 Ne8 15.
Nxe8 Rxe8 16. e4 cxd4 17. Qg4+ Kh8 18. Bg5 Re6 19. Rxf7 1-0

[Event "III Torneo Hotel Petra"]
[Site "Roma ITA"]
[Date "2005.03.17"]
[Round "5"]
[White "Piscopo, Pierluigi"]
[Black "Kaps, Darja"]
[Result "1/2-1/2"]
[WhiteElo "2344"]
[BlackElo "2287"]
[PlyCount "22"]
[EventDate "2005.03.14"]

1. e4 c5 2. Nf3 Nc6 3. Nc3 e6 4. g3 d5 5. Bg2 Be7 6. O-O Nf6 7. Re1 O-O 8. h3
b6 9. exd5 exd5 10. d4 Bb7 11. Bg5 h6 1/2-1/2

[Event "III Torneo Hotel Petra"]
[Site "Roma ITA"]
[Date "2005.03.17"]
[Round "5"]
[White "Vocaturo, Daniele"]
[Black "Mrdja, Milan"]
[Result "1-0"]
[WhiteElo "2276"]
[BlackElo "2395"]
[PlyCount "121"]
[EventDate "2005.03.14"]

1. e4 g6 2. d4 Bg7 3. Nc3 d6 4. Be3 Nd7 5. Qd2 c6 6. Nf3 b5 7. Bd3 Nb6 8. h3
Rb8 9. O-O h6 10. Rfe1 e6 11. Bf4 Ne7 12. a4 a6 13. axb5 cxb5 14. Bh2 g5 15.
Ne2 Ng6 16. e5 d5 17. Bxg6 fxg6 18. Qd3 Kf7 19. h4 Bf8 20. hxg5 hxg5 21. Bg3
Be7 22. Nh2 Kg7 23. Ng4 Nd7 24. f4 Rh5 25. Nf6 Bxf6 26. exf6+ Qxf6 27. fxg5
Rxg5 28. Bxb8 Nxb8 29. Rf1 Qe7 30. Rf3 Nc6 31. Raf1 Rf5 32. Rxf5 exf5 33. Nf4
Qe4 34. c3 Qxd3 35. Nxd3 Kf6 36. Re1 Be6 37. Nc5 Bc8 38. Re8 Ne7 39. Rf8+ Kg7
40. Rd8 Kf7 41. Rd6 a5 42. Nd3 g5 43. Rb6 b4 44. cxb4 axb4 45. Nxb4 f4 46. Rd6
Bg4 47. Nxd5 Nf5 48. Rf6+ Kg7 49. Rc6 Nxd4 50. Rc4 Nb3 51. Nc3 Be6 52. Rc6 Bf5
53. Rb6 Bc2 54. Ne2 Kf7 55. Rc6 Be4 56. Rc3 Bd5 57. Nc1 Nxc1 58. Rxc1 Bb3 59.
Rc3 Ba4 60. Rc5 Kf6 61. b4 1-0

[Event "III Torneo Hotel Petra"]
[Site "Roma ITA"]
[Date "2005.03.17"]
[Round "5"]
[White "Vuelban, Virgilio"]
[Black "Fayard, Alain"]
[Result "1-0"]
[WhiteElo "2328"]
[BlackElo "2288"]
[PlyCount "120"]
[EventDate "2005.03.14"]

1. e4 c5 2. Nf3 d6 3. d4 cxd4 4. Nxd4 Nf6 5. f3 Nc6 6. c4 g6 7. Nc3 Bg7 8. Be3
O-O 9. Qd2 a6 10. Be2 Ne5 11. O-O Be6 12. b3 Rc8 13. Rac1 Re8 14. Rfd1 Qa5 15.
Kh1 h5 16. Bg5 Qc7 17. f4 Neg4 18. Bf3 Nh7 19. Nxe6 fxe6 20. Bxg4 Nxg5 21. Be2
Nh7 22. f5 Qa5 23. fxg6 Nf8 24. e5 Qxe5 25. Bf3 Rc7 26. Re1 Qa5 27. Be4 b5 28.
Qf4 Rec8 29. Nd5 bxc4 30. Qf7+ Kh8 31. Nxc7 Rxc7 32. bxc4 Rxc4 33. Rb1 d5 34.
Qe8 Qa4 35. Qxa4 Rxa4 36. Bf3 Bf6 37. Bxh5 Rxa2 38. g3 Kg7 39. Bg4 Kxg6 40. Re2
Rxe2 41. Bxe2 a5 42. Bd3+ Kf7 43. Rb7 Bc3 44. h4 e5 45. Kg2 e4 46. Bc2 Bb4 47.
Bb3 Kf6 48. Bxd5 Ke5 49. Bb3 Kd4 50. Rc7 Kd3 51. Bc2+ Kd4 52. h5 Ne6 53. h6 Ng5
54. Kf2 Bd6 55. Rc8 e3+ 56. Ke2 Nh3 57. Rd8 Ng1+ 58. Ke1 Nf3+ 59. Kd1 Ng1 60.
h7 e2+ 1-0

[Event "III Torneo Hotel Petra"]
[Site "Roma ITA"]
[Date "2005.03.17"]
[Round "6"]
[White "Djuric, Stefan"]
[Black "Vuelban, Virgilio"]
[Result "1-0"]
[WhiteElo "2470"]
[BlackElo "2328"]
[PlyCount "101"]
[EventDate "2005.03.14"]

1. d4 Nf6 2. c4 g6 3. g3 Bg7 4. Bg2 O-O 5. Nf3 d6 6. O-O c6 7. Nc3 Nbd7 8. d5
c5 9. a4 a6 10. a5 Rb8 11. h3 b5 12. axb6 Qxb6 13. Ra3 Ne8 14. Qc2 Nc7 15. Na4
Qa7 16. Nd2 Rb4 17. b3 Nf6 18. e4 e6 19. Bb2 exd5 20. exd5 Bf5 21. Qc1 Qb8 22.
Bc3 Rb7 23. Qa1 Nce8 24. Re1 h5 25. Nb2 Nc7 26. Nd1 Qd8 27. Ne3 Bc8 28. Re2 Rb8
29. Qb2 Nce8 30. Qa1 Kh7 31. Nef1 Bh6 32. Ba5 Qd7 33. Qe1 Ng8 34. h4 Ng7 35.
Nh2 Nf5 36. Nhf3 Bg7 37. Ne4 Nd4 38. Nxd4 Bxd4 39. Bh3 f5 40. Ng5+ Kh8 41. Ne6
Bb7 42. Nxd4 cxd4 43. Qd2 Qg7 44. Bb6 Kh7 45. Bxd4 Qf7 46. Qf4 Nf6 47. Re6 Ne4
48. Bxf5 Qxe6 49. Bxe6 Rxf4 50. gxf4 Nd2 51. b4 1-0

[Event "III Torneo Hotel Petra"]
[Site "Roma ITA"]
[Date "2005.03.17"]
[Round "6"]
[White "Fayard, Alain"]
[Black "Vocaturo, Daniele"]
[Result "0-1"]
[WhiteElo "2288"]
[BlackElo "2276"]
[PlyCount "92"]
[EventDate "2005.03.14"]

1. c4 e5 2. Nc3 d6 3. g3 f5 4. Bg2 Nf6 5. d3 Be7 6. e3 O-O 7. Nge2 Kh8 8. O-O
Qe8 9. Nd5 Bd8 10. b3 Qg6 11. Bb2 Nbd7 12. d4 Qh6 13. Nxf6 Bxf6 14. a4 a5 15.
Bc3 Bd8 16. Qd2 Qh5 17. Ra2 Nf6 18. f3 exd4 19. exd4 c6 20. Re1 d5 21. Nf4 Qf7
22. Nd3 dxc4 23. Ne5 Qg8 24. bxc4 Bc7 25. Rb2 b6 26. Qg5 Be6 27. Qh4 Bxe5 28.
dxe5 Nd7 29. f4 Rac8 30. Rd2 Nc5 31. Rd6 Nxa4 32. Ba1 Nc5 33. Bxc6 Qf7 34. Bd5
b5 35. Rd1 bxc4 36. Bxe6 Nxe6 37. Rd7 Qe8 38. Bc3 Rd8 39. Rxd8 Nxd8 40. Bxa5
Ne6 41. Bc3 Qf7 42. Be1 c3 43. Qh3 c2 44. Rc1 Nd4 45. Qf1 Rc8 46. Qd3 Qc4 0-1

[Event "III Torneo Hotel Petra"]
[Site "Roma ITA"]
[Date "2005.03.17"]
[Round "6"]
[White "Kaps, Darja"]
[Black "Mrdja, Milan"]
[Result "1-0"]
[WhiteElo "2287"]
[BlackElo "2395"]
[PlyCount "77"]
[EventDate "2005.03.14"]

1. d4 Nf6 2. Bg5 e6 3. e3 c5 4. c3 cxd4 5. exd4 b6 6. Nd2 Bb7 7. Ngf3 Be7 8.
Bxf6 Bxf6 9. Bd3 d6 10. Qe2 O-O 11. h4 Nd7 12. O-O-O Rc8 13. Kb1 Be7 14. Ng5 h6
15. f4 b5 16. Rh3 b4 17. c4 d5 18. c5 Rc6 19. g4 Nf6 20. Ndf3 Nxg4 21. Rg1 h5
22. Ne5 Rc7 23. Nxg4 hxg4 24. Qxg4 Bf6 25. Rhg3 Re8 26. Nf3 Qc8 27. h5 Kf8 28.
h6 gxh6 29. f5 Ba6 30. Bxa6 Qxa6 31. Qf4 Rc6 32. fxe6 Rexe6 33. Qb8+ Ke7 34.
Rg8 Kd7 35. Ne5+ Rxe5 36. dxe5 Be7 37. Qe8+ Ke6 38. R8g7 Qd3+ 39. Ka1 1-0

[Event "III Torneo Hotel Petra"]
[Site "Roma ITA"]
[Date "2005.03.17"]
[Round "6"]
[White "Martorelli, Antonio"]
[Black "Di Caro, Calogero"]
[Result "1-0"]
[WhiteElo "2273"]
[BlackElo "2397"]
[PlyCount "35"]
[EventDate "2005.03.14"]

1. e4 e5 2. Nf3 d6 3. d4 exd4 4. Nxd4 Nf6 5. Nc3 Be7 6. Bf4 O-O 7. Qd2 d5 8.
Ndb5 c6 9. Nc7 d4 10. Nxa8 dxc3 11. Qxd8 Rxd8 12. bxc3 Nxe4 13. Bd3 Bd6 14.
Bxd6 Nxd6 15. O-O-O b6 16. Rhe1 Kf8 17. Nc7 g6 18. Bf1 1-0

[Event "III Torneo Hotel Petra"]
[Site "Roma ITA"]
[Date "2005.03.17"]
[Round "6"]
[White "Miladinovic, Igor"]
[Black "Corvi, Marco"]
[Result "1-0"]
[WhiteElo "2611"]
[BlackElo "2302"]
[PlyCount "75"]
[EventDate "2005.03.14"]

1. d4 f5 2. h3 d6 3. g4 e5 4. dxe5 dxe5 5. Qxd8+ Kxd8 6. Nc3 Bd6 7. gxf5 Bxf5
8. Bg2 c6 9. Ne4 Bxe4 10. Bxe4 Nf6 11. Bg2 Nbd7 12. Nf3 Re8 13. h4 g6 14. c3
Kc7 15. Bh3 Nh5 16. Ng5 Nf8 17. Ne4 Nf4 18. Bf1 Rad8 19. e3 Nh5 20. Be2 Ng7 21.
b4 Be7 22. Bb2 Nf5 23. h5 Nd6 24. Nxd6 Bxd6 25. hxg6 hxg6 26. Bg4 Nd7 27. Ke2
Rh8 28. Rag1 Rxh1 29. Rxh1 Nf6 30. Be6 Ne4 31. Rh4 Ng5 32. Bb3 Rf8 33. Bc2 Rf6
34. c4 Nf3 35. Rh7+ Kc8 36. c5 Bc7 37. Rg7 Kd8 38. Rg8+ 1-0

[Event "III Torneo Hotel Petra"]
[Site "Roma ITA"]
[Date "2005.03.18"]
[Round "7"]
[White "Corvi, Marco"]
[Black "Martorelli, Antonio"]
[Result "1-0"]
[WhiteElo "2302"]
[BlackElo "2273"]
[PlyCount "33"]
[EventDate "2005.03.14"]

1. c4 Nf6 2. Nc3 g6 3. g3 Bg7 4. Bg2 O-O 5. e4 e5 6. Nge2 Nc6 7. O-O Ne7 8. d4
exd4 9. Nxd4 c6 10. e5 Ne8 11. Bf4 f6 12. Ne6 Qa5 13. Nxf8 fxe5 14. Nxd7 exf4
15. Re1 Kf7 16. Qe2 Qg5 17. Qe6# 1-0

[Event "III Torneo Hotel Petra"]
[Site "Roma ITA"]
[Date "2005.03.18"]
[Round "7"]
[White "Di Caro, Calogero"]
[Black "Piscopo, Pierluigi"]
[Result "0-1"]
[WhiteElo "2397"]
[BlackElo "2344"]
[PlyCount "152"]
[EventDate "2005.03.14"]

1. Nf3 c5 2. c4 Nc6 3. d4 cxd4 4. Nxd4 Nf6 5. g3 d6 6. Bg2 Bd7 7. O-O g6 8. Nc3
Bg7 9. Nxc6 Bxc6 10. e4 O-O 11. Bg5 Qa5 12. Nd5 Bxd5 13. exd5 Rfe8 14. Qd2 Qxd2
15. Bxd2 Nd7 16. Rab1 Rab8 17. Rfc1 Bd4 18. Bf1 e5 19. dxe6 fxe6 20. Bb4 Nc5
21. Kg2 Rf8 22. f3 Rf6 23. Be2 e5 24. Bd2 Rbf8 25. Bg5 R6f7 26. Bh6 Re8 27. b4
Ne6 28. Bd2 Ng7 29. Re1 e4 30. Bf4 Rfe7 31. Red1 Nf5 32. Kh1 Be5 33. Bg5 Rc7
34. fxe4 Nd4 35. Bd3 a5 36. a3 Ra8 37. Bh6 axb4 38. axb4 b6 39. Ra1 Rca7 40.
Rxa7 Rxa7 41. Bf1 Ra4 42. Rb1 Kf7 43. Bh3 Ke7 44. Bg4 Nc2 45. Bd2 Ra2 46. Rf1
Rb2 47. Bg5+ Ke8 48. b5 Nd4 49. Bh6 Ke7 50. Ra1 Nb3 51. Ra7+ Ke8 52. Be6 Nc5
53. Bd5 Bf6 54. Rxh7 g5 55. Bc6+ Kd8 56. Rf7 Be7 57. Rg7 Nd3 58. Rg8+ Kc7 59.
Ra8 Bf6 60. Ra7+ Kb8 61. Ra8+ Kc7 62. Bf8 g4 63. Ra7+ Kd8 64. Bxd6 Nf2+ 65. Kg1
Nh3+ 66. Kf1 Rf2+ 67. Ke1 Bc3+ 68. Kd1 Rd2+ 69. Kc1 Rxd6 70. Bd5 Rf6 71. Ra8+
Ke7 72. Rg8 Rf2 73. Rxg4 Re2 74. Rh4 Nf2 75. c5 Nd3+ 76. Kd1 Rd2# 0-1

[Event "III Torneo Hotel Petra"]
[Site "Roma ITA"]
[Date "2005.03.18"]
[Round "7"]
[White "Lazic, Miroljub"]
[Black "Kaps, Darja"]
[Result "1/2-1/2"]
[WhiteElo "2517"]
[BlackElo "2287"]
[PlyCount "21"]
[EventDate "2005.03.14"]

1. d4 Nf6 2. c4 g6 3. Nc3 Bg7 4. e4 d6 5. f3 a6 6. Be3 Nc6 7. Nge2 Rb8 8. Rb1
O-O 9. Qd2 b5 10. cxb5 axb5 11. b4 1/2-1/2

[Event "III Torneo Hotel Petra"]
[Site "Roma ITA"]
[Date "2005.03.18"]
[Round "7"]
[White "Mrdja, Milan"]
[Black "Fayard, Alain"]
[Result "1/2-1/2"]
[WhiteElo "2395"]
[BlackElo "2288"]
[PlyCount "56"]
[EventDate "2005.03.14"]

1. e4 c5 2. Nf3 d6 3. d4 cxd4 4. Nxd4 Nf6 5. f3 e5 6. Bb5+ Nbd7 7. Nf5 d5 8.
exd5 a6 9. Ba4 b5 10. Bb3 Nc5 11. Ne3 Nxb3 12. axb3 Bc5 13. c4 O-O 14. Nc3 Nh5
15. Ne4 Bd4 16. Nc2 f5 17. Ng5 Ba7 18. Qe2 Nf4 19. Bxf4 exf4 20. Ne6 Qh4+ 21.
g3 fxg3 22. O-O-O g2 23. Qxg2 Bxe6 24. dxe6 bxc4 25. bxc4 Qxc4 26. Rd7 g6 27.
Qh3 h5 28. Re1 Rfe8 1/2-1/2

[Event "III Torneo Hotel Petra"]
[Site "Roma ITA"]
[Date "2005.03.18"]
[Round "7"]
[White "Vocaturo, Daniele"]
[Black "Djuric, Stefan"]
[Result "1/2-1/2"]
[WhiteElo "2276"]
[BlackElo "2470"]
[PlyCount "38"]
[EventDate "2005.03.14"]

1. e4 c5 2. Nf3 a6 3. c3 d5 4. exd5 Qxd5 5. d4 e6 6. Be3 cxd4 7. cxd4 Nf6 8.
Nc3 Qd8 9. Bd3 Be7 10. O-O Nc6 11. Rc1 Nb4 12. Bb1 O-O 13. Ne5 Bd7 14. Qf3 Nbd5
15. Bg5 Bc6 16. Qh3 g6 17. Rfe1 Nh5 18. Bh6 Ng7 19. Rcd1 Rc8 1/2-1/2

[Event "III Torneo Hotel Petra"]
[Site "Roma ITA"]
[Date "2005.03.18"]
[Round "7"]
[White "Vuelban, Virgilio"]
[Black "Miladinovic, Igor"]
[Result "0-1"]
[WhiteElo "2328"]
[BlackElo "2611"]
[PlyCount "34"]
[EventDate "2005.03.14"]

1. e4 c5 2. Nf3 Nc6 3. Nc3 e6 4. g3 d5 5. exd5 exd5 6. Bg2 d4 7. Ne4 f5 8. Neg5
Qe7+ 9. Qe2 Qxe2+ 10. Kxe2 h6 11. Nh3 g5 12. Ne1 Bd7 13. f4 g4 14. Nf2 O-O-O
15. c4 dxc3 16. dxc3 Na5 17. Nd1 Bb5+ 0-1

[Event "III Torneo Hotel Petra"]
[Site "Roma ITA"]
[Date "2005.03.19"]
[Round "8"]
[White "Djuric, Stefan"]
[Black "Mrdja, Milan"]
[Result "0-1"]
[WhiteElo "2470"]
[BlackElo "2395"]
[PlyCount "102"]
[EventDate "2005.03.14"]

1. d4 Nf6 2. c4 g6 3. g3 Bg7 4. Bg2 O-O 5. Nf3 c5 6. d5 d6 7. O-O e6 8. dxe6
Bxe6 9. Ng5 Bxc4 10. Bxb7 Nbd7 11. Na3 Rb8 12. Nxc4 Rxb7 13. Nxd6 Rb4 14. Qc2
Qe7 15. a3 Rbb8 16. Rd1 h6 17. Nf3 Ng4 18. Qe4 Nge5 19. Kg2 Rb6 20. Nc4 Re6 21.
Be3 Nf6 22. Qc2 Neg4 23. Rd3 Ne4 24. Rad1 Re8 25. Rd7 Qf6 26. R1d3 g5 27. Qa4
Nexf2 28. Bxf2 Rxe2 29. Rd2 Nxf2 30. Rxe2 Rxe2 31. Rd2 g4 32. Ng1 Rxd2 33. Nxd2
Nd3 34. Qe8+ Bf8 35. Qe3 Qc6+ 36. Kf1 Nxb2 37. Qf4 Qe6 38. Ne2 Nd3 39. Qc4 Qf5+
40. Nf4 Nxf4 41. gxf4 Bd6 42. Ne4 Qxf4+ 43. Ke1 Be5 44. a4 Kg7 45. Qe2 h5 46.
a5 Qxh2 47. Qe3 Qf4 48. Qd3 h4 49. Qd5 g3 50. Nxc5 Qe3+ 51. Kd1 Qd4+ 0-1

[Event "III Torneo Hotel Petra"]
[Site "Roma ITA"]
[Date "2005.03.19"]
[Round "8"]
[White "Kaps, Darja"]
[Black "Fayard, Alain"]
[Result "1/2-1/2"]
[WhiteElo "2287"]
[BlackElo "2288"]
[PlyCount "43"]
[EventDate "2005.03.14"]

1. d4 d5 2. Bg5 c6 3. Nf3 Qb6 4. Qc1 Bf5 5. e3 Nd7 6. Be2 e6 7. O-O Be7 8. Bxe7
Nxe7 9. c4 O-O 10. Nc3 h6 11. b3 Rac8 12. Qa3 Rfe8 13. Rfc1 Bh7 14. b4 dxc4 15.
Nd2 Nd5 16. Nxc4 Qc7 17. Na5 a6 18. Nxd5 exd5 19. Nb3 Be4 20. Nc5 Nxc5 21. bxc5
Qe7 22. Bd3 1/2-1/2

[Event "III Torneo Hotel Petra"]
[Site "Roma ITA"]
[Date "2005.03.19"]
[Round "8"]
[White "Lazic, Miroljub"]
[Black "Di Caro, Calogero"]
[Result "1-0"]
[WhiteElo "2517"]
[BlackElo "2397"]
[PlyCount "77"]
[EventDate "2005.03.14"]

1. d4 Nf6 2. g3 d5 3. Bg2 g6 4. Nf3 Bg7 5. O-O O-O 6. c4 dxc4 7. Na3 Nc6 8.
Nxc4 Be6 9. b3 Bd5 10. Bb2 a5 11. Rc1 a4 12. bxa4 Ra6 13. a3 Qa8 14. Ne3 Be4
15. Qb3 e6 16. Ne5 Bxg2 17. Nxg2 Nxe5 18. dxe5 Ng4 19. Rxc7 Bxe5 20. Rxb7 Bxb2
21. Qxb2 Rxa4 22. Rb4 h5 23. h3 Nh6 24. Rxa4 Qxa4 25. Qb4 Ra8 26. Qxa4 Rxa4 27.
Ra1 Nf5 28. e3 Nd6 29. Ne1 Nb5 30. Nc2 Rc4 31. Ra2 Nc3 32. Rb2 Nd1 33. Rb8+ Kg7
34. Ne1 Rc1 35. Kf1 Ra1 36. Rb3 Ra2 37. Nd3 e5 38. Ke1 e4 39. Nc1 1-0

[Event "III Torneo Hotel Petra"]
[Site "Roma ITA"]
[Date "2005.03.19"]
[Round "8"]
[White "Martorelli, Antonio"]
[Black "Vuelban, Virgilio"]
[Result "0-1"]
[WhiteElo "2273"]
[BlackElo "2328"]
[PlyCount "78"]
[EventDate "2005.03.14"]

1. e4 c5 2. Nf3 d6 3. d4 cxd4 4. Nxd4 Nf6 5. Nc3 Nc6 6. Bc4 Qb6 7. Nb3 e6 8.
O-O a6 9. Be3 Qc7 10. Bd3 Be7 11. f4 b5 12. Qf3 Bb7 13. Qh3 Nb4 14. Rac1 O-O
15. a3 Nxd3 16. cxd3 Qd8 17. Nd4 Rc8 18. g4 g6 19. Nf3 Nd7 20. g5 Re8 21. Rf2
Nc5 22. Rd1 Bf8 23. Bd4 e5 24. Bxc5 Rxc5 25. f5 d5 26. Qg3 Rxc3 27. bxc3 dxe4
28. Nxe5 e3 29. Qxe3 Qd5 30. Qf3 Rxe5 31. Qxd5 Bxd5 32. h4 Re3 33. f6 Bc5 34.
d4 Rg3+ 35. Kf1 Bxa3 36. Ke1 Bd6 37. Re2 Rg1+ 38. Kd2 Rxd1+ 39. Kxd1 Bf3 0-1

[Event "III Torneo Hotel Petra"]
[Site "Roma ITA"]
[Date "2005.03.19"]
[Round "8"]
[White "Miladinovic, Igor"]
[Black "Vocaturo, Daniele"]
[Result "1-0"]
[WhiteElo "2611"]
[BlackElo "2276"]
[PlyCount "71"]
[EventDate "2005.03.14"]

1. d4 Nf6 2. Nc3 d5 3. Bg5 Nbd7 4. e3 c6 5. Nf3 g6 6. Bd3 Bg7 7. O-O O-O 8. b4
Re8 9. Bh4 e5 10. Be2 Qb6 11. Rb1 exd4 12. Nxd4 Ne4 13. Na4 Qc7 14. Bd3 Nb6 15.
Nxb6 axb6 16. Bxe4 Rxe4 17. Bg3 Qd8 18. c3 Rxa2 19. Qb3 Ra8 20. Ra1 Bd7 21. Bc7
Qc8 22. Bxb6 Be5 23. Nf3 Bd6 24. Bd4 Bg4 25. Nd2 Re8 26. Rxa8 Qxa8 27. h3 Be2
28. Re1 Qa6 29. Qb2 Ra8 30. e4 Bc4 31. exd5 Bxd5 32. c4 Bxc4 33. Ne4 Be7 34.
Nf6+ Bxf6 35. Bxf6 Qa2 36. Qc1 1-0

[Event "III Torneo Hotel Petra"]
[Site "Roma ITA"]
[Date "2005.03.19"]
[Round "8"]
[White "Piscopo, Pierluigi"]
[Black "Corvi, Marco"]
[Result "1/2-1/2"]
[WhiteElo "2344"]
[BlackElo "2302"]
[PlyCount "35"]
[EventDate "2005.03.14"]

1. e4 Nf6 2. e5 Nd5 3. d4 d6 4. c4 Nb6 5. f4 dxe5 6. fxe5 c5 7. d5 e6 8. Nc3
exd5 9. cxd5 c4 10. Nf3 Bb4 11. Bxc4 Bxc3+ 12. bxc3 Nxc4 13. Qa4+ Nd7 14. Qxc4
Nb6 15. Qb5+ Qd7 16. Qxd7+ Bxd7 17. d6 Rc8 18. O-O 1/2-1/2

[Event "III Torneo Hotel Petra"]
[Site "Roma ITA"]
[Date "2005.03.19"]
[Round "9"]
[White "Corvi, Marco"]
[Black "Lazic, Miroljub"]
[Result "0-1"]
[WhiteElo "2302"]
[BlackElo "2517"]
[PlyCount "106"]
[EventDate "2005.03.14"]

1. c4 e6 2. Nc3 d5 3. cxd5 exd5 4. d4 c6 5. Bf4 Bf5 6. e3 Qb6 7. Qb3 Nd7 8.
Qxb6 axb6 9. f3 Ngf6 10. g4 Bg6 11. h4 h6 12. Bh3 b5 13. Nge2 b4 14. Nd1 Nb6
15. b3 Be7 16. Rh2 O-O 17. Bc7 Nc8 18. Bg3 Ne8 19. Nf4 Bh7 20. Bf1 Ned6 21. Bd3
Bxd3 22. Nxd3 f5 23. g5 hxg5 24. hxg5 Bxg5 25. Nxb4 f4 26. Bf2 fxe3 27. Bxe3
Bf6 28. a4 Nf5 29. Nc2 Ncd6 30. Kd2 Nxe3 31. Ndxe3 Bg5 32. Rah1 Bh6 33. Rg2 Nf5
34. Kd3 Nxe3 35. Nxe3 Rxf3 36. Rxh6 Re8 37. Rhg6 Rexe3+ 38. Kc2 Rc3+ 39. Kd2
Rxb3 40. Rxg7+ Kf8 41. Rg8+ Ke7 42. Re2+ Kd6 43. Rg7 Rfd3+ 44. Kc2 Rdc3+ 45.
Kd1 Rb1+ 46. Kd2 Rc4 47. Rg6+ Kc7 48. Re7+ Kb6 49. Rgg7 Ka7 50. Rc7 Rxd4+ 51.
Kc2 Rdd1 52. a5 Rdc1+ 53. Kd2 Rc5 0-1